[Event "Vojvodina-chT"]
[Site "Pancevo"]
[Date "2007.09.27"]
[Round "5"]
[White "Vukic, Radivoje"]
[Black "Savanovic, Vuk"]
[Result "1/2-1/2"]
[WhiteElo "2271"]
[BlackElo "2266"]
[PlyCount "30"]
[EventDate "2007.09.24"]
[EventType "team-tourn"]
[EventRounds "9"]
[EventCountry "SRB"]
[SourceTitle "EXT 2023"]
[Source "ChessBase"]
[SourceDate "2022.10.05"]
[SourceVersion "1"]
[SourceVersionDate "2022.10.05"]
[SourceQuality "1"]

1. d4 Nf6 2. Nf3 g6 3. c4 Bg7 4. Nc3 0-0 5. e4 d6 6. Be2 e5 7. 0-0 Na6 8. d5 Nc5 9. Qc2 a5 10. Bg5 h6 11. Be3 b6 12. Nd2 Nh7 13. a3 f5 14. b4 Na6 15. f3 f4 1/2-1/2

[Event "Vojvodina-chT"]
[Site "Pancevo"]
[Date "2007.09.26"]
[Round "4"]
[White "Mijatovic, Dejan"]
[Black "Vukic, Radivoje"]
[Result "0-1"]
[WhiteElo "2280"]
[BlackElo "2271"]
[PlyCount "68"]
[EventDate "2007.09.24"]
[EventType "team-tourn"]
[EventRounds "9"]
[EventCountry "SRB"]
[SourceTitle "EXT 2023"]
[Source "ChessBase"]
[SourceDate "2022.10.05"]
[SourceVersion "1"]
[SourceVersionDate "2022.10.05"]
[SourceQuality "1"]

1. d4 Nf6 2. c4 e6 3. a3 d5 4. e3 c6 5. Nc3 Nbd7 6. Nf3 Bd6 7. Bd3 dxc4 8. Bxc4 b5 9. Be2 a6 10. b4 a5 11. Rb1 axb4 12. axb4 Qe7 13. Qb3 e5 14. 0-0 e4 15. Nd2 Nb6 16. f3 Be6 17. Qc2 exf3 18. Bxf3 0-0 19. Nce4 Nxe4 20. Nxe4 Bc4 21. Nxd6 Qxd6 22. Rd1 f5 23. Bd2 Ra2 24. Rb2 Ra3 25. Qc1 Rfa8 26. Be1 Qe6 27. Bf2 Bd5 28. Qc5 Na4 29. Bxd5 cxd5 30. Qc1 Nxb2 31. Qxb2 Ra2 32. Qc3 Rc8 33. Qd3 Qe4 34. Qxb5 Rxf2 0-1